Zmeny v demografickom správaní sa obyvateľstva po roku 1990 a ich dopad na vybraný región Slovenska diplomová práca

Uložené v:
Podrobná bibliografia
Hlavný autor: Udvarošová, Barbara
Korporativný autor: Národohospodárska fakulta EU. Katedra verejnej správy a regionálneho rozvoja
Ďalší autori: Vlčková, Viera
Médium: Kniha
Jazyk:Slovak
Vydavateľské údaje: Bratislava 2016
Tagy: Pridať tag
Žiadne tagy, Buďte prvý, kto otaguje tento záznam!

MARC

LEADER 00000nbm a2200000 4500
001 0217992
005 20170214100256.6
041 0 |a slo 
044 |a SK 
245 1 0 |a Zmeny v demografickom správaní sa obyvateľstva po roku 1990 a ich dopad na vybraný región Slovenska  |b diplomová práca  |c Barbara Udvarošová ; školiteľ: Viera Vlčková 
264 1 |a Bratislava  |c 2016 
300 |a 71 s. 
100 1 |a Udvarošová, Barbara 
700 1 |a Vlčková, Viera 
710 2 |a Národohospodárska fakulta EU. Katedra verejnej správy a regionálneho rozvoja